[Event "Marmaris Karya-14 IM 2022"]
[Site "Icmeler-Marmaris"]
[Date "2022.01.31"]
[Round "7.5"]
[White "Kizilkus, Akin"]
[Black "Rasulov, Vugar"]
[Result "1-0"]
[WhiteElo "2275"]
[BlackElo "2453"]
[Annotator "TA"]
[PlyCount "105"]
[EventDate "2022.02.01"]
[EventType "schev"]
[EventCountry "TUR"]
[SourceTitle "playchess.com"]
[Source "ChessBase"]
[SourceQuality "1"]

{[%evp 9,105,26,25,14,25,16,26,14,22,18,10,14,28,22,23,37,27,13,18,16,29,11,22,0,0,0,5,-4,79,-1,-8,-32,-22,-22,24,12,42,0,80,78,65,77,74,72,156,153,157,156,163,181,171,46,53,60,36,54,77,71,72,72,271,126,127,119,112,72,85,62,60,60,79,53,149,152,150,151,173,0,95,76,130,124,162,165,144,138,227,227,293,288,306,291,333,337,323,302,311,309]} 1. d4 e6 2. c4 Bb4+ 3. Bd2 Qe7 4. g3 Nf6 5. Bg2 O-O 6. e3 {E00: Catalan Bogo-Indian (3 g3 Bb4+).} d5 7. a3 Bxd2+ 8. Nxd2 {[#] White has an edge.} b6 $146 ({Predecessor:} 8... dxc4 9. Nxc4 c5 10. Ne2 Rd8 11. O-O cxd4 12. exd4 Nd5 13. Rc1 Nc6 14. Qb3 Qf6 {1-0 (41) Schitco,I (2462)-Stoleriu,G (2360) Arad 2019}) 9. Ne2 Bb7 10. O-O Nbd7 11. Rc1 {next cxd5 is good for White.} c5 12. cxd5 exd5 13. Nc3 Rfd8 14. Qc2 Rac8 15. Rfe1 Nf8 16. dxc5 bxc5 17. Na4 {[%cal Ra4c5]} c4 18. e4 Re8 (18... Qd7 $11) 19. e5 (19. exd5 $1 $16 Qxe1+ 20. Rxe1 Rxe1+ 21. Nf1) 19... N6d7 $11 20. b3 {[%cal Rb3c4]} Qxa3 21. bxc4 Bc6 (21... Rxe5 {feels stronger.} 22. Red1 Ba8) 22. Ra1 Qe7 23. Nc3 (23. cxd5 Bxd5 $1 24. Qb2 Bxg2 25. Kxg2 Rb8 $15) (23. Qa2 $1 $14 {might be stronger.}) 23... d4 (23... dxc4 $11 {keeps the balance.} 24. Bxc6 (24. Rxa7 Qc5 $17) 24... Rxc6) 24. Nd5 $16 {White is much more active.} Bxd5 25. Bxd5 Nxe5 26. Qa4 Qf6 (26... Qd7 $142) 27. f4 Ned7 28. Ne4 ({Don't take} 28. Qxa7 Rxe1+ 29. Rxe1 Qb6 30. Qxb6 Nxb6 $16) 28... Qg6 29. Qxa7 {[%cal Of4f5] Strongly threatening f5!} d3 30. Qd4 (30. f5 $18 Qh6 31. f6 gxf6 32. Qf2) 30... Ne6 $14 31. Bxe6 Qxe6 32. Qxd3 {Threatens to win with Nd6.} Qc6 33. Nd6 Rxe1+ 34. Rxe1 Nc5 $2 {[#]} (34... Rd8 $16 35. Nf5 Qb6+ 36. Kf1 Nf6 37. Ne7+ Kh8) 35. Qd5 (35. Nxc8 $1 $18 {is the precise move to win. Qd8+ would kill now.} Nxd3 36. Ne7+ Kf8 37. Nxc6 Nxe1 38. Kf2 Nd3+ 39. Ke3) 35... Qxd5 $16 36. cxd5 {[%mdl 4096] Endgame KRN-KRN} Rd8 37. Nc4 Kf8 38. d6 Nb7 39. Rd1 Rc8 40. Ne5 Nd8 (40... Rc3 $14) 41. Nd7+ $1 Kg8 42. Re1 {[%cal Re1e8]} Ne6 43. Rd1 $2 (43. Ne5 $18) 43... f6 (43... Nd8 $1 $11 {remains equal.}) 44. Nb6 Rd8 {[#]} (44... Rb8 $142) 45. Kf2 $1 Kf7 46. Ke3 Nc5 47. Rd5 Nb7 (47... Nd7 $16 {was worth a try.}) 48. d7 $18 Ke7 49. Nc8+ {White has a decisive advantage.} Ke6 {[#]} 50. Kd4 {Hoping for f5+.} ({Don't play} 50. Nb6 $6 Rb8 51. Ke4 Kf7 $18) 50... g6 {Prevents f5+.} 51. g4 {Black must now prevent f5+.} f5 52. gxf5+ gxf5 53. Nb6 {Weighted Error Value: White=0.21 (precise) /Black=0.29 (precise)} 1-0

[Event "Marmaris Karya-14 IM 2022"]
[Site "Icmeler-Marmaris"]
[Date "2022.02.04"]
[Round "8.1"]
[White "Sibashvili, Giorgi"]
[Black "Boshra, Alshaeby"]
[Result "1-0"]
[WhiteElo "2398"]
[BlackElo "1974"]
[Annotator "TA"]
[PlyCount "53"]
[EventDate "2022.02.01"]
[EventType "schev"]
[EventCountry "TUR"]
[SourceTitle "playchess.com"]
[Source "ChessBase"]
[SourceQuality "1"]

{[%evp 18,53,14,22,34,23,43,43,44,29,48,34,39,35,35,28,98,90,159,160,156,146,365,357,453,257,704,704,803,793,807,806,794,762,946,944,827,821]} 1. d4 Nf6 2. Bg5 g6 3. Bxf6 exf6 4. c4 f5 5. Nc3 Bg7 6. e3 d6 7. g3 Nd7 {[%cal Bb8d7,Bd7f6,Bf6g4][%mdl 32]} 8. Bg2 Nf6 9. Nge2 O-O 10. O-O h5 {A45: Trompowsky Attack.} 11. h4 {has lost popularity (11.b4).} Ng4 12. Nf4 Re8 {[#] White is slightly better.} 13. Bf3 $146 ({Predecessor:} 13. b4 Rb8 14. b5 g5 15. hxg5 Qxg5 16. Qf3 h4 17. gxh4 Qxh4 18. Qh3 Qg5 19. Qh5 {0-1 (75) Rakhmanov,A (2602)-Mamedov,R (2637) Khanty-Mansiysk 2013}) 13... Bh6 14. Qd2 Rb8 15. Rac1 c6 16. b4 g5 (16... Nf6 $11 {remains equal.}) 17. hxg5 $16 ({But not} 17. Nxh5 $6 gxh4 18. Bxg4 fxg4 $11) 17... Qxg5 {[#]} (17... Bxg5 $142 18. Bxg4 hxg4) 18. Kg2 $1 h4 {[#]} 19. Nce2 {Strongly threatening Rh1. Pair of Knights!} Kh7 $2 {Loses the game.} (19... Nf6 $16) 20. Rh1 $18 Rg8 21. Rh3 {Active counter play!} (21. Rxh4 $142 Nxe3+ 22. Kh2 Ng4+ 23. Bxg4 fxg4 24. Rh1) 21... Be6 $2 (21... Qe7 22. Bxg4 (22. gxh4 Nxe3+ 23. Kh1 Ng4 $15) 22... Rxg4) 22. Rch1 {White is clearly winning.} Bxc4 23. Rxh4 Kg7 24. Bxg4 fxg4 25. Rxh6 Bd5+ 26. Nxd5 Qxd5+ 27. Kg1 {Weighted Error Value: White=0.21 (precise) /Black=0.51} 1-0

[Event "Marmaris Karya-14 IM 2022"]
[Site "Icmeler-Marmaris"]
[Date "2022.02.04"]
[Round "8.2"]
[White "Darban, Morteza"]
[Black "Haussernot, Cecile"]
[Result "1-0"]
[WhiteElo "2261"]
[BlackElo "2188"]
[Annotator "TA"]
[PlyCount "91"]
[EventDate "2022.02.01"]
[EventType "schev"]
[EventCountry "TUR"]
[SourceTitle "playchess.com"]
[Source "ChessBase"]
[SourceQuality "1"]

{[%evp 9,91,-10,-8,-19,14,-8,-12,-9,0,5,15,14,8,7,18,16,16,0,8,-16,-7,-20,-21,-18,-24,-29,0,0,0,0,0,0,17,16,15,18,58,60,49,63,66,53,85,72,62,53,59,37,86,84,88,65,145,146,184,169,178,191,177,159,209,204,198,158,161,166,156,131,131,128,414,421,421,376,508,508,494,494,479,461,429,403,363,237]} 1. c4 e5 2. e3 Nf6 3. Nc3 Nc6 4. Qb3 g6 5. d3 Bg7 6. g3 {A25: English Opening vs King's Indian with ...Nc6 but without early d3.} b6 {[#]} 7. Nge2 $146 ({Predecessor:} 7. Bg2 Bb7 8. Nf3 O-O 9. O-O Qe7 10. e4 d6 11. Bg5 Qd7 12. Nd5 Ne8 13. Qa4 {1-0 (44) Stripunsky,A (2561)-Shetty,A (2368) Arlington 2015}) 7... Bb7 {[#] aiming for ...Na5.} 8. e4 $1 {The position is equal.} O-O 9. Bg2 Nd4 10. Nxd4 exd4 11. Nd5 Nxd5 12. cxd5 c5 13. dxc6 dxc6 14. h4 c5 15. h5 Rc8 16. hxg6 hxg6 {[%cal Oc5c4]} 17. Qc4 Re8 18. Kf1 Bc6 19. a4 {Prevents b5.} Bd7 20. Bh3 Bxh3+ 21. Rxh3 Qd7 22. Kg2 Qe6 23. b3 a6 24. Bf4 Ra8 25. Rc1 Qd7 26. a5 bxa5 27. Qxc5 Qb5 28. Qc4 Ra7 (28... Re7 $14) 29. Rhh1 $16 Rb7 30. Ra1 {[%cal Bc1a1,Ba1a5,Ba5a6,Ba6d6,Bd6d5,Bd5e5][%mdl 32]} Qxb3 (30... Rb6 $14) 31. Qxa6 {White is more active.} Qb5 32. Rxa5 Qxa6 33. Rxa6 Rb3 34. Rd1 Rc8 (34... Rb5 $16 35. Rda1 g5) 35. Rd6 $18 Kf8 36. e5 g5 37. Bxg5 {Threatens to win with f4.} Bxe5 38. Rd5 f6 39. Bf4 Rcc3 $2 {[%mdl 8192] Loses the game.} (39... Bxf4 $16 40. gxf4 Rc2) 40. Bxe5 fxe5 41. Rxe5 Rxd3 42. Rxd3 Rxd3 {KR-KR} 43. Kf1 Rb3 44. Ke2 Rb2+ {[#]} 45. Kf3 $1 Kf7 46. Re2 {Weighted Error Value: White=0.04 (flawless) /Black=0.26 (precise)} 1-0

[Event "Marmaris Karya-14 IM 2022"]
[Site "Icmeler-Marmaris"]
[Date "2022.02.04"]
[Round "8.3"]
[White "Ahmad, Al Khatib"]
[Black "Ozsakallioglu, Okan"]
[Result "0-1"]
[WhiteElo "2218"]
[BlackElo "2179"]
[Annotator "RC"]
[PlyCount "54"]
[EventDate "2022.02.01"]
[EventType "schev"]
[EventCountry "TUR"]
[SourceTitle "playchess.com"]
[Source "ChessBase"]
[SourceQuality "1"]
[TimeControl "5400+30"]

1. e4 {[%emt 0:01:00]} c5 {[%emt 0:03:00]} 2. Nf3 {[%emt 0:00:00]} e6 {[%emt 0:00:00]} 3. d4 {[%emt 0:00:00]} cxd4 {[%emt 0:00:00]} 4. Nxd4 {[%emt 0:00:00]} Nf6 {[%emt 0:00:00]} 5. Nc3 {[%emt 0:00:00]} Nc6 {[%emt 0:00:00]} 6. a3 {[%emt 0:00:30]} Qc7 {[%emt 0:00:30]} 7. Be3 {[%emt 0:03:30]} a6 {[%emt 0:03:30]} 8. f4 {[%emt 0:04:30]} d6 {[%emt 0:01:30]} 9. Bd3 {[%emt 0:17:30]} Nxd4 {[%emt 0:00:30]} 10. Bxd4 {[%emt 0:00:30]} e5 {[%emt 0:00:30]} 11. Be3 {[%emt 0:08:30]} exf4 {[%emt 0:06:30]} 12. Bxf4 {[%emt 0:00:30]} Be6 {[%emt 0:00:30]} 13. O-O {[%emt 0:01:30]} Be7 {[%emt 0:02:30]} 14. Kh1 {[%emt 0:00:30]} O-O {[%emt 0:02:30]} 15. Nd5 {[%emt 0:09:30]} Bxd5 {[%emt 0:00:30]} 16. exd5 {[%emt 0:00:00]} Nd7 {[%emt 0:01:30]} 17. Rf3 {[%emt 0:07:00]} g6 {[%emt 0:00:30]} 18. Qd2 {[%emt 0:00:30]} Rfe8 {[%emt 0:02:30]} 19. Raf1 {[%emt 0:15:30]} Bf8 {[%emt 0:00:30]} 20. c4 {[%emt 0:11:40]} Bg7 {[%emt 0:06:30]} 21. b4 {[%emt 0:00:31]} b6 {[%emt 0:00:30]} 22. Qf2 {[%emt 0:03:21]} f5 {[%emt 0:00:30]} 23. Rh3 {[%emt 0:01:14]} Ne5 {[%emt 0:05:30]} 24. Bb1 {[%emt 0:09:39]} Qxc4 {[%emt 0:00:30]} 25. Rc1 {[%emt 0:00:27]} Ng4 {[%emt 0:01:30]} 26. Qh4 {[%emt 0:00:31]} Qxf4 {[%emt 0:00:30]} 27. Qxh7+ {[%emt 0:02:10]} Kf8 {[%emt 0:00:00]} 0-1

[Event "Marmaris Karya-14 IM 2022"]
[Site "Icmeler-Marmaris"]
[Date "2022.02.04"]
[Round "8.4"]
[White "Rasulov, Vugar"]
[Black "Gunduz, Umut Erdem"]
[Result "1-0"]
[WhiteElo "2453"]
[BlackElo "2252"]
[Annotator "TA"]
[PlyCount "75"]
[EventDate "2022.02.01"]
[EventType "schev"]
[EventCountry "TUR"]
[SourceTitle "playchess.com"]
[Source "ChessBase"]
[SourceQuality "1"]

{[%evp 22,75,37,47,48,46,48,47,68,52,59,48,51,60,72,35,42,21,34,12,13,13,11,6,13,10,127,119,118,115,115,114,116,116,108,121,117,122,121,118,149,132,183,169,180,188,232,240,341,301,314,308,292,222,270,277]} 1. c4 Nf6 2. Nc3 c5 3. g3 g6 4. Bg2 Bg7 5. Nf3 Nc6 6. O-O O-O 7. d4 cxd4 8. Nxd4 Nxd4 9. Qxd4 d6 10. Qd3 Nd7 11. b3 Nc5 12. Qd2 a5 {A39: Symmetrical English vs ...g6: 4 Bg2 Bg7 5 Nf3 Nf6 6 0-0 0-0 7 d4.} 13. Ba3 {is the legacy move (13.Bb2).} Be6 14. Rac1 Rb8 {White is slightly better.} 15. Rfd1 Qb6 16. Qe3 {[#]} Rfc8 $146 ({Predecessor:} 16... Rfe8 17. h4 Rbc8 18. h5 Qa6 19. Bf3 Bd7 20. Nd5 e6 21. Nc3 Red8 22. hxg6 hxg6 {1-0 (29) Speelman,J (2496)-Vogel,C (2060) Porto Carras 2018}) 17. Ne4 a4 {[%cal Ra4b3]} 18. Ng5 (18. b4 {looks sharper.} Nd7 19. c5 Qa7 20. Ng5 Bh6 21. Bb2) 18... axb3 19. Nxe6 (19. axb3 {with more complications.} Bh6 20. h4 Nd7 21. Qxb6 Nxb6 22. c5) 19... b2 $1 20. Nxg7 (20. Rb1 $5 {[%cal Re6g7]} fxe6 21. Bh3 $14) 20... bxc1=Q 21. Bxc1 {[%cal Og7f5] [#] And now Nf5! would win.} Kxg7 22. Qxe7 Re8 $1 23. Qh4 {Bh6+ is the strong threat.} Rxe2 {[#]} (23... Kg8 $11 {remains equal.}) 24. Bh6+ $1 $16 Kg8 {[%cal Oc5d3]} 25. Qd4 {[%csl Gh6][%cal Rd4g7] Prevents Nd3.} Qb2 {Hoping for ...Qxd4.} 26. Qxd6 $40 {[%mdl 128] White has strong attack.} Qe5 27. Qxe5 {Really sharp!} Rxe5 28. Bf4 {A strong pair of Bishops.} Rbe8 {White must now prevent ...Re1+.} 29. Bxe5 Rxe5 {[%mdl 4096] Endgame KRB-KRN} 30. Kf1 {Prevents Re2.} Kf8 31. Rb1 Re7 (31... Ne4 $16 32. Rb2 Nd6) 32. Bd5 $18 Rc7 33. Ke2 Ke7 (33... Na4 $142) 34. Ke3 h5 (34... Kd8 $142 35. Rb5 Re7+ 36. Kf3 Rc7) 35. h4 Kf6 36. Rb6+ Ke5 37. f4+ Kf5 38. Kf3 {Weighted Error Value: White=0.04 (flawless) /Black=0.18 (very precise)} 1-0

[Event "Marmaris Karya-14 IM 2022"]
[Site "Icmeler-Marmaris"]
[Date "2022.02.04"]
[Round "8.5"]
[White "Mammadov, Zaur"]
[Black "Kizilkus, Akin"]
[Result "1/2-1/2"]
[WhiteElo "2417"]
[BlackElo "2275"]
[Annotator "TA"]
[PlyCount "30"]
[EventDate "2022.02.01"]
[EventType "schev"]
[EventCountry "TUR"]
[SourceTitle "playchess.com"]
[Source "ChessBase"]
[SourceQuality "1"]

{[%evp 28,30,0,0,0]} 1. e4 e5 2. Nf3 Nc6 3. Bb5 a6 4. Bxc6 dxc6 5. O-O Bg4 6. h3 h5 7. c3 Qd3 8. hxg4 hxg4 9. Nxe5 Bd6 10. Nxd3 Bh2+ 11. Kh1 Bd6+ 12. Kg1 Bh2+ 13. Kh1 Bd6+ 14. Kg1 Bh2+ 15. Kh1 {[#]} Bd6+ $146 {A balanced but interesting game. C68: Ruy Lopez: Exchange Variation, sidelines.} ({Predecessor:} 15... Bg3+) 1/2-1/2

[Event "Marmaris Karya-14 IM 2022"]
[Site "Icmeler-Marmaris"]
[Date "2022.02.05"]
[Round "9.1"]
[White "Boshra, Alshaeby"]
[Black "Darban, Morteza"]
[Result "0-1"]
[WhiteElo "1974"]
[BlackElo "2261"]
[Annotator "TA"]
[PlyCount "87"]
[EventDate "2022.02.01"]
[EventType "schev"]
[EventCountry "TUR"]
[SourceTitle "playchess.com"]
[Source "ChessBase"]
[SourceQuality "1"]

{[%evp 9,87,11,23,0,0,0,-7,-7,0,-11,0,-5,0,-6,0,-64,-53,-43,-41,-68,-39,-40,-16,-16,-14,-47,-40,-91,-80,-88,-47,-52,-62,-64,-32,-79,-66,-83,-64,-103,-83,-130,-123,-127,-125,-152,-153,-154,-168,-172,-130,-148,-89,-89,-49,-50,-61,-86,-94,-164,-128,-214,-202,-280,-286,-384,-389,-389,-382,-381,-381,-360,-324,-395,-288,-664,-656,-729,-464,-419]} 1. e4 c5 2. Nf3 a6 3. g3 Nc6 4. Bg2 g6 5. O-O Bg7 6. Re1 {B28: Sicilian: 2 Nf3 a6 (O'Kelly Variation).} e5 7. Nc3 Nge7 8. d3 {The position is equal.} d6 {[#]} 9. Nd2 $146 ({Predecessor:} 9. h3 O-O 10. Nd5 Nxd5 11. exd5 Ne7 12. Nd2 b5 13. c3 f5 14. a4 Bd7 15. axb5 axb5 16. Rxa8 Qxa8 {½-½ (25) Zeier,K (2152)-Lanka,Z (2328) Baden 2020}) 9... O-O 10. Nd5 b5 11. a4 Bb7 12. Nf1 (12. Ne3 $11) 12... Nxd5 $15 13. exd5 Ne7 14. Ne3 Qc7 15. c3 Kh8 16. Qb3 Qd7 17. Rf1 f5 {[#] Threatens to win with ...f4.} 18. f4 ({White should try} 18. axb5 $15 axb5 19. Rxa8 Rxa8 20. f4) 18... exf4 $17 19. gxf4 Rfc8 (19... g5 $17 {White must now prevent ...gxf4.} 20. Nc2 gxf4 21. axb5 axb5 22. Rxa8 Rxa8) 20. c4 bxc4 21. dxc4 Rab8 {[%cal Ob7d5]} 22. Qc2 (22. Qa3 $1 $15) 22... Rc7 23. Nd1 Bc8 {[%cal Bb7c8,Bc8d7,Bd7e8][%mdl 32]} 24. Nc3 Qd8 25. a5 (25. Bd2 $142) 25... Rcb7 26. Ra3 Ng8 27. Re1 Nf6 28. Kh1 Bd7 29. Nd1 Qf8 (29... Kg8 $19 30. Qe2 Ng4) 30. Rae3 Re8 (30... Ng4 $142 31. Rd3 Qd8) 31. Rxe8 Bxe8 32. Bd2 Bd7 33. Bc3 Nh5 34. Bf3 (34. Qd2 $17) 34... Nxf4 $19 35. Bd2 (35. b4 $17 cxb4 36. Bxg7+ Qxg7 37. c5) 35... g5 {[%cal Bg6g5,Bg5f4][%mdl 32]} 36. h4 Qf6 {[%cal Og5g4] [#] And now ...g4! would win.} 37. Rg1 Qh6 {[%cal Rh6h4]} 38. Bxf4 gxf4 39. Qh2 Rb3 40. Nc3 Rb8 41. Rg5 Bf6 42. Rh5 (42. Rg2) 42... Qg7 43. Qxf4 Be5 44. Qg5 {Weighted Error Value: White=0.38/Black=0.22 (precise)} 0-1

[Event "Marmaris Karya-14 IM 2022"]
[Site "Icmeler-Marmaris"]
[Date "2022.02.05"]
[Round "9.2"]
[White "Haussernot, Cecile"]
[Black "Ahmad, Al Khatib"]
[Result "0-1"]
[WhiteElo "2188"]
[BlackElo "2218"]
[Annotator "TA"]
[PlyCount "45"]
[EventDate "2022.02.01"]
[EventType "schev"]
[EventCountry "TUR"]
[SourceTitle "playchess.com"]
[Source "ChessBase"]
[SourceQuality "1"]

{[%evp 20,45,31,31,0,-43,-32,-27,-10,-26,0,0,8,18,33,-79,1238,81,231,219,285,98,101,35,40,-29995,-29996,-29996]} 1. e4 {Dautov,R} c6 2. d4 d5 3. e5 Bf5 4. Nc3 e6 5. g4 Bg6 6. Nh3 Ne7 7. Nf4 c5 8. h4 {[%cal Bh2h4,Bh4h5][%mdl 32]} cxd4 9. Nb5 Nec6 10. h5 Be4 11. f3 a6 {B12: Caro-Kann: Advance Variation.} 12. fxe4 (12. Nd6+ $11 Bxd6 13. exd6) 12... axb5 $15 13. exd5 exd5 {Black has an edge.} 14. Bg2 {[#]} (14. h6 $5) 14... Be7 $146 ({Predecessor:} 14... Bb4+ 15. Kf1 Nxe5 16. Nxd5 Bd6 17. h6 g6 18. Qxd4 O-O 19. Qb6 Qxb6 20. Nxb6 Ra6 {1-0 (36) Sutovsky,E (2612)-Christiansen,L (2581) Essen 1999 CBM 071 [Dautov,R]}) 15. O-O {And now e6 would win.} Nxe5 16. h6 g6 17. Qxd4 (17. Nxd5 $14 {stays ahead.} O-O 18. Bf4 (18. Qxd4 Nbc6 $11) (18. Nxe7+ Qxe7 19. g5 Nbc6 $15)) 17... Nec6 $2 {[%mdl 8192]} 18. Qxd5 $2 (18. Qxh8+ $18 Kd7 19. Qxh7 Bc5+ 20. Kh2 Qh4+ 21. Nh3) 18... Qb6+ (18... O-O $16 {might work better.}) 19. Kh1 $1 $18 {[%cal Od5f7] Qxf7+! is the strong threat.} O-O {[#]} 20. Qe4 (20. Ne6 $1 $18 {[%cal Re6f8][%mdl 512] is the precise move to win.} Na6 21. Nxf8 Rxf8 22. Bf4) 20... Qd8 21. b3 (21. Nd5 $16) 21... Bd6 22. Nd5 $2 {[%mdl 8192]} (22. Nh3 $14) 22... Qh4+ 23. Kg1 {Weighted Error Value: White=1.29/Black=0.23 (precise)} 0-1

[Event "Marmaris Karya-14 IM 2022"]
[Site "Icmeler-Marmaris"]
[Date "2022.02.05"]
[Round "9.3"]
[White "Ozsakallioglu, Okan"]
[Black "Rasulov, Vugar"]
[Result "0-1"]
[WhiteElo "2179"]
[BlackElo "2453"]
[Annotator "TA"]
[PlyCount "142"]
[EventDate "2022.02.01"]
[EventType "schev"]
[EventCountry "TUR"]
[SourceTitle "playchess.com"]
[Source "ChessBase"]
[SourceQuality "1"]

{[%evp 9,142,0,0,0,16,0,22,0,20,0,20,0,0,-34,-18,-21,0,-19,-17,-45,-12,-32,0,0,0,0,0,0,0,0,-3,-1,0,0,0,0,0,0,0,0,0,0,0,0,0,-11,6,-10,0,0,1,0,14,2,4,0,0,0,4,0,0,0,12,10,16,9,13,-313,0,0,0,0,0,0,0,0,0,-48,-44,-57,-53,-64,0,-96,-96,-93,0,-16,0,-8,-8,-27,-25,-26,-9,-20,-20,-127,-127,-127,-127,-127,-127,-127,-127,-125,-144,-168,-8,-8,-8,-519,-385,-1584,-1562,-1132,-385,-933,-385,-385,-370,-29955,-29956,-29957,-29960,-29967,-29969,-29969,-29970,-29970,-29970,-29969,-12573,-29968,-29968]} 1. e4 e5 2. Nf3 Nc6 3. Nc3 Nf6 4. Bb5 Bd6 5. a3 O-O 6. d3 {[%cal Bd2d3,Bd3d4][%mdl 32] C48: Four Knights: 4 Bb5, replies other than 4...Bb4.} Ne7 7. d4 Ng6 8. O-O {The position is equal.} Re8 9. Re1 h6 {[#]} 10. h3 $146 ({Predecessor:} 10. Bc4 b6 11. Nb5 Bb7 12. Nxd6 cxd6 13. d5 Qc8 14. Qd3 a6 15. a4 Qc7 16. Bb3 {1-0 (48) Cornette,D (2448)-Osmanodja,F (2318) Caleta 2019}) 10... exd4 11. Nxd4 (11. Qxd4 $5 {[%cal Re4e5]} a6 12. Bf1 $11) 11... c6 12. Bd3 Bc7 (12... Be5 $5 {[%cal Re5d4]} 13. Be3 b6 $11) 13. Nf3 d6 14. Bf1 Be6 15. Be3 d5 16. exd5 Nxd5 17. Nxd5 Bxd5 18. c4 Be4 19. Qxd8 Rexd8 20. Nd4 Be5 21. Rad1 c5 22. Nb5 Rxd1 (22... Bxb2 23. Rxd8+ Rxd8 24. Bxc5 $14) 23. Rxd1 b6 24. b4 cxb4 25. axb4 a5 26. bxa5 bxa5 27. Bc5 Bc6 28. Ba3 Bf6 29. Rd6 Be4 30. f3 Bf5 31. c5 Be5 32. Rb6 Rd8 33. Nd6 Be6 34. Bb5 Ne7 35. Ra6 Bc3 36. c6 {Strongly threatening c7.} Nd5 {And now ...Nc7 would win.} 37. Nb7 $1 {[%csl LRa5,LRd8]} Rc8 {White must now prevent ...Nc7.} 38. Nd6 $2 {[%mdl 8192]} (38. Nxa5 $2 Nc7 39. Bd6 Bd4+ 40. Kh2 Nxb5 $19) (38. Bd6 $1 $11) 38... Rb8 $2 (38... Nc7 $1 $19 39. Nxc8 Bxc8 40. Rxa5 Bxa5) 39. Bc5 $11 Nc7 $36 {[%csl LRa6,LRb5][%mdl 2048] Black has the initiative.} 40. Rb6 Rxb6 41. Bxb6 Nxb5 42. Nxb5 {[%mdl 4096] Endgame KBB-KBN} Bb4 43. Kf2 (43. Nd4 $11 Bc8 44. Nc2) 43... a4 $15 {[%cal Ba5a4,Ba4a3,Ba3a2][%mdl 32]} 44. Ke3 a3 45. Kd3 Kf8 (45... a2 $15 46. Bd4 f6) 46. c7 (46. Nd4 $11 Ke7 47. c7 (47. Nxe6 Kxe6 48. Kc4 a2 $11)) 46... a2 $17 47. Bd4 Ba5 ({Black should play} 47... f6 $17 {Threatens to win with ...Ke8.} 48. Kc2 (48. Na7 $2 Bd6 $19) 48... Ke8 49. c8=Q+ Bxc8) 48. Kc2 f6 49. Kb2 Ke7 50. Bc5+ Kd7 51. Bf8 $1 g5 52. Bxh6 Bb4 53. f4 (53. Bg7 $11) 53... Bc4 54. fxg5 Bxb5 {This bishop pair is nice.} 55. Kxa2 Bc4+ ({And not} 55... Kxc7 56. gxf6 Bc3 57. Kb3 (57. Bf4+ Kd7 $17) 57... Bxf6 58. g4 $15) 56. Kb2 {[#]} Bd2 $1 ({Inferior is} 56... Kxc7 57. gxf6 Bf7 58. g4 $11) 57. h4 {[#]} f5 $1 58. Bg7 Bf7 (58... Bf4 $19 {...Bf7 is the strong threat.} 59. g6 Be2) 59. Be5 $1 $11 Ba5 60. c8=Q+ $4 {[%mdl 8192]} (60. Kc2 $11 {and White stays safe.}) 60... Kxc8 $19 61. Bg3 $2 (61. Kc2 Kd7 62. Bf4) 61... Kd7 62. Kc2 Bg6 {( -> ...f4+)} 63. Kd1 $2 (63. Kb3 Ke6 64. Kc4) 63... Ke6 64. Ke2 Bh5+ 65. Kf1 $2 (65. Ke3 $19) 65... Kd5 66. Bf2 Ke4 67. Kg1 Kf4 68. Kh2 Kg4 69. Bg3 Bd2 70. Bf2 Bf4+ 71. g3 Kf3 {Weighted Error Value: White=0.35/Black=0.18 (very precise)} 0-1

[Event "Marmaris Karya-14 IM 2022"]
[Site "Icmeler-Marmaris"]
[Date "2022.02.05"]
[Round "9.5"]
[White "Kizilkus, Akin"]
[Black "Sibashvili, Giorgi"]
[Result "1/2-1/2"]
[WhiteElo "2275"]
[BlackElo "2398"]
[Annotator "TA"]
[PlyCount "19"]
[EventDate "2022.02.01"]
[EventType "schev"]
[EventCountry "TUR"]
[SourceTitle "playchess.com"]
[Source "ChessBase"]
[SourceQuality "1"]

{[%evp 18,19,16,0]} 1. d4 d5 2. c4 c6 3. cxd5 cxd5 4. Nf3 Nf6 5. Nc3 Nc6 6. Bf4 {[#]} Nh5 $146 ({Predecessor:} 6... a6 7. e3 Bg4 8. h3 Bxf3 9. Qxf3 e6 10. Bd3 Bd6 11. Bg5 Be7 12. Bxf6 Bxf6 13. O-O O-O 14. Rac1 g6 15. a3 h5 16. Rfd1 Kg7 17. Na4 Qd6 18. Nc5 Rab8 19. b4 {½-½ (43) Firouzja,A (2759)-Giri,A (2776) chess24.com INT 2021}) 7. Bc1 Nf6 8. Bf4 Nh5 9. Bc1 Nf6 10. Bf4 {10.e3 is the modern continuation.} 1/2-1/2